000 01106nam0a2200325 4500
001 RU\NLR\bibl\463455
005 20250623184549.0
010 _a5-7755-0589-1
_95000
021 _aRU
_b2003-56084
_92727
035 _a(NLR Aleph) 000456850
090 _a908965
_c908965
100 _a20011022d2003 |||y0rusy50 ca
101 0 _arus
102 _aRU
105 _aa |||||||||
200 1 _aМир логики
_eМетод. пособие для учителя нач. шк.
_fСветлана Гин
205 _a2-е изд.
210 _aМ.
_cВита-пресс
_d2003
215 _a142, [1] с.
_cил.
_d21
225 1 _aУчителю начальной школы
320 _aБиблиогр.: с. 136-141 (104 назв.)
606 0 _aЛогика
_xПреподавание
_xНачальная школа
_92170798
_3RU\NLR\auth\661305850
686 _aЧ426.62-2,01
700 1 _aГин
_bС. И.
_gСветлана Ивановна
_4070
801 0 _aRU
_bNLR
_c20031121
_gPSBO
801 1 _aRU
_bNLR
_c20031121
942 _cBOOK
980 _aNB